Helping our Youngest to Learn and Grow Policies for Early Learning

Na minha lista:
Detalhes bibliográficos
Autor principal: Schleicher, Andreas
Formato: Livro
Idioma:inglês
Publicado em: Paris OECD 2019
Colecção:International Summit on the Teaching Profession
Assuntos:
Tags: Adicionar Tag
Sem tags, seja o primeiro a adicionar uma tag!

MARC

LEADER 00000nam a2200000 4500
001 0254530
005 20221220064532.7
020 |a 978-92-64-31386-6 
041 0 |a eng 
044 |a FR 
245 1 0 |a Helping our Youngest to Learn and Grow  |b Policies for Early Learning  |c Andreas Schleicher 
264 1 |a Paris  |b OECD  |c 2019 
300 |a 79 s. 
490 1 |a International Summit on the Teaching Profession 
830 0 |a International Summit on the Teaching Profession 
610 2 0 |a žiaci 
610 2 0 |a politika vzdelávania 
610 2 0 |a organizácia práce 
610 2 0 |a kvalifikácia 
610 2 0 |a pedagogika 
610 2 0 |a deti 
610 2 0 |a technológia 
610 2 0 |a vyučovanie 
100 1 |a Schleicher, Andreas